<?xml version="1.0" encoding="UTF-8"?>
<record
    xmlns:xsi="http://www.w3.org/2001/XMLSchema-instance"
    xsi:schemaLocation="http://www.loc.gov/MARC21/slim http://www.loc.gov/standards/marcxml/schema/MARC21slim.xsd"
    xmlns="http://www.loc.gov/MARC21/slim">

  <leader>01985nam a2200337uu 4500</leader>
  <controlfield tag="001">992880</controlfield>
  <controlfield tag="005">20260507073412.0</controlfield>
  <controlfield tag="008">060914s2000                        spa  </controlfield>
  <datafield tag="020" ind1=" " ind2=" ">
    <subfield code="a">8495322560</subfield>
  </datafield>
  <datafield tag="035" ind1=" " ind2=" ">
    <subfield code="a">992880</subfield>
  </datafield>
  <datafield tag="035" ind1=" " ind2=" ">
    <subfield code="a">(OCoLC)733641304</subfield>
  </datafield>
  <datafield tag="040" ind1=" " ind2=" ">
    <subfield code="c">comduadb</subfield>
  </datafield>
  <datafield tag="041" ind1=" " ind2=" ">
    <subfield code="a">spa</subfield>
  </datafield>
  <datafield tag="082" ind1=" " ind2="4">
    <subfield code="a">006</subfield>
  </datafield>
  <datafield tag="100" ind1="1" ind2="0">
    <subfield code="a">Moret Bonillo, Vicente</subfield>
    <subfield code="4">aut</subfield>
    <subfield code="e">aut</subfield>
    <subfield code="9">422261</subfield>
  </datafield>
  <datafield tag="245" ind1="1" ind2="0">
    <subfield code="a">Fundamentos de inteligencia artificial</subfield>
  </datafield>
  <datafield tag="250" ind1=" " ind2=" ">
    <subfield code="a">2. edici&#xF3;n reimp.</subfield>
  </datafield>
  <datafield tag="260" ind1=" " ind2=" ">
    <subfield code="a">Barcelona :</subfield>
    <subfield code="b">Universidade da Coru&#xF1;a,</subfield>
    <subfield code="c">2000.</subfield>
  </datafield>
  <datafield tag="300" ind1=" " ind2=" ">
    <subfield code="a">473 p&#xE1;ginas</subfield>
  </datafield>
  <datafield tag="505" ind1=" " ind2=" ">
    <subfield code="a">CONTENIDO : Cap&#xED;tulo 1: Introducci&#xF3;n. -- Cap&#xED;tulo 2: Resoluci&#xF3;n de problemas. -- Cap&#xED;tulo 3: Representaciones formales del conocimiento. -- Cap&#xED;tulo 4: M&#xE9;todos estructurados de presentaci&#xF3;n del conocimiento. -- Cap&#xED;tulo 5: Representaci&#xF3;n del conocimiento temporal. -- Cap&#xED;tulo 6: Sistemas de producci&#xF3;n. -- Cap&#xED;tulo 7: Razonamiento categ&#xF3;rico y correcci&#xF3;n Bayesiana. -- Cap&#xED;tulo 8: Razonamiento probabil&#xED;stico. -- Cap&#xED;tulo 9: Factores de certidumbre. -- Cap&#xED;tulo 10: Teor&#xED;a evidencial. -- Cap&#xED;tulo 11: Conjuntos difusos. -- Cap&#xED;tulo 12: Ingenier&#xED;a del conocimiento. -- Cap&#xED;tulo 13: Sistemas de pizarras. -- Cap&#xED;tulo 14: Sistemas inteligentes de supervisi&#xF3;n. -- Cap&#xED;tulo 15: Redes neuronales y sistemas simb&#xF3;lico-conexionistas. -- Cap&#xED;tulo 16: Sistemas inteligentes h&#xED;bridos. -- Cap&#xED;tulo 17: Verificaci&#xF3;n y validaci&#xF3;n de sistemas inteligentes. -- Cap&#xED;tulo 18: Bibliograf&#xED;a complementaria.</subfield>
  </datafield>
  <datafield tag="650" ind1=" " ind2="7">
    <subfield code="a">Inteligencia artificial</subfield>
    <subfield code="2">lemb</subfield>
    <subfield code="9">39084</subfield>
  </datafield>
  <datafield tag="650" ind1=" " ind2=" ">
    <subfield code="a">Computadores hibridos</subfield>
    <subfield code="9">40309</subfield>
  </datafield>
  <datafield tag="650" ind1=" " ind2=" ">
    <subfield code="a">Sistemas inteligentes</subfield>
    <subfield code="9">70679</subfield>
  </datafield>
  <datafield tag="650" ind1=" " ind2="7">
    <subfield code="a">Redes neurales (Computadores)</subfield>
    <subfield code="2">lemb</subfield>
    <subfield code="9">198995</subfield>
  </datafield>
  <datafield tag="650" ind1=" " ind2=" ">
    <subfield code="a">Conjuntos difusos</subfield>
    <subfield code="9">54926</subfield>
  </datafield>
  <datafield tag="700" ind1="1" ind2="0">
    <subfield code="a">Alonso Betanzos, Amparo</subfield>
    <subfield code="4">aut</subfield>
    <subfield code="e">aut</subfield>
    <subfield code="9">550854</subfield>
  </datafield>
  <datafield tag="700" ind1="1" ind2="0">
    <subfield code="a">Cabrero Canosa, Mariano</subfield>
    <subfield code="4">aut</subfield>
    <subfield code="e">aut</subfield>
    <subfield code="9">550141</subfield>
  </datafield>
  <datafield tag="700" ind1="1" ind2="0">
    <subfield code="a">Guijarro Berdi&#xF1;as, Bertha</subfield>
    <subfield code="4">aut</subfield>
    <subfield code="e">aut</subfield>
    <subfield code="9">428595</subfield>
  </datafield>
  <datafield tag="700" ind1="1" ind2="0">
    <subfield code="a">Mosqueira Rey, Eduardo</subfield>
    <subfield code="4">aut</subfield>
    <subfield code="e">aut</subfield>
    <subfield code="9">420067</subfield>
  </datafield>
  <datafield tag="942" ind1=" " ind2=" ">
    <subfield code="c">BOOK</subfield>
  </datafield>
  <datafield tag="999" ind1=" " ind2=" ">
    <subfield code="c">400875</subfield>
    <subfield code="d">400875</subfield>
  </datafield>
  <datafield tag="952" ind1=" " ind2=" ">
    <subfield code="0">0</subfield>
    <subfield code="1">0</subfield>
    <subfield code="4">0</subfield>
    <subfield code="7">0</subfield>
    <subfield code="8">GEN</subfield>
    <subfield code="a">BC</subfield>
    <subfield code="b">BC</subfield>
    <subfield code="d">2006-09-14</subfield>
    <subfield code="e">Plaza &amp; Jan&#xE9;s</subfield>
    <subfield code="g">28700.00</subfield>
    <subfield code="i">C920646</subfield>
    <subfield code="l">0</subfield>
    <subfield code="o">006.3 F981</subfield>
    <subfield code="p">0571983</subfield>
    <subfield code="r">2025-12-03 09:13:48</subfield>
    <subfield code="t">1</subfield>
    <subfield code="w">2023-04-26</subfield>
    <subfield code="y">BOOK</subfield>
  </datafield>
</record>
